La iniciación musical en el ciclo medio /

Guardado en:
Autor Principal: Bareilles, Oscar S.
Formato: Libro
Publicado: Buenos Aires : Kapelusz, 1968
Series:Cuadernos Pedagógicos, 1
Materias:
Etiquetas: Agregar Etiqueta
Sin Etiquetas, Sea el primero en etiquetar este registro!
LEADER 00746nam a22002295a 4500
001 CEM.cems000840
005 20060210000000.0
008 130507s1968##################000#0#####d
003 CEMS
082 0 4 |a 375.78 
100 1 |a Bareilles, Oscar S. 
245 1 0 |a La iniciación musical en el ciclo medio / 
260 |a Buenos Aires :  |b Kapelusz,  |c 1968 
300 |a 30 p. 
490 0 |a Cuadernos Pedagógicos, 1 
653 |a Didactica de la musica 
653 |a Educacion 
653 |a Educacion musical 
653 |a Educacion secundaria 
859 |a CEMS  |b BIB. CEMS - 11 de abril  |h 375.78  |i B237  |p 10156.81  |t Ej.1 
859 |a CEMS  |b BIB. CEMS - 11 de abril  |h 375.78  |i B237  |p 10157.81  |t Ej.2 
859 |a CEMS  |b BIB. CEMS - 11 de abril  |h 375.78  |i B237  |p 10158.81  |t Ej.3